Alle Spieler mit Rückennummer 8 der Bundesliga 2024/25 - Statistiken

Allgemein
  • Dieses Quiz wurde 59 mal gespielt
  • Das Durchschnittsergebnis liegt bei 9 aus 18
Antwortstatistiken
Verein Nation Spieler % Korrekt
FC Bayern München Deutschland Leon Goretzka
91%
Bayer 04 Leverkusen Deutschland Robert Andrich
82%
VfB Stuttgart Frankreich Enzo Millot
80%
RB Leipzig Mali Amadou Haidara
69%
Borussia Dortmund Deutschland Felix Nmecha
69%
Eintracht Frankfurt Algerien Fares Chaibi
60%
SV Werder Bremen Deutschland Mitchell Weiser
44%
SC Freiburg Deutschland Maximilian Eggestein
42%
TSG Hoffenheim Deutschland Dennis Geiger
40%
Borussia Mönchengladbach Deutschland Julian Weigl
40%
1. FC Heidenheim Brasilien Leo Scienza
38%
1. FC Union Berlin Deutschland Rani Khedira
36%
VfL Bochum Frankreich Anthony Losilla
35%
VfL Wolfsburg Türkei Salih Özcan
35%
FC St. Pauli Schweden Eric Smith
31%
FC Augsburg Kosovo Elvis Rexhbecaj
27%
1. FSV Mainz 05 Deutschland Paul Nebel
25%
Holstein Kiel Deutschland Finn Porath
7%
Keine übereinstimmenden Quizze gefunden
Verteilung der Resultate
Anzahl Personen mit jedem Resultat
Perzentil nach korrekt beantworteten Fragen
Ihre Resultats-Entwicklung
Sie haben dieses Quiz noch nicht gespielt